| 000 | 00502nam a2200157Ia 4500 | ||
|---|---|---|---|
| 008 | 160316s9999 xxu||||| |||| 00| 0 eng d | ||
| 082 |
_a343.099800 _bDES |
||
| 100 | _aDesai Shobha | ||
| 245 | _aFreedom of the press | ||
| 250 | _a | ||
| 260 |
_aBombay _bBombay Union of Journalists _c0 |
||
| 300 |
_a152 _b _c |
||
| 365 | _bRs. 20 | ||
| 650 | _a1. Press freedom 2. Criminal defamation 3. Press - parliament 4. Press - copyright law 5. Labour law 6. Contempt of court | ||
| 700 |
_aGonsalves Colin _a |
||
| 999 |
_c37321 _d37321 |
||